00826nam a2200205 a 450000100100000000500170001000800410002702000150006804000250008308200160010824501770012426000460030130000210034750000710036853400800043970000260051970000210054570000300056670000240059600001687420200929164957.0100312s1995 dr 001 0 spa d a9879106008 aDO-SdBNPbspacBNPHU axxxxbM491c04aLos medios de comunicación en las sociedades democráticas liberales /ccompilador Stanley Rothaman ; prólogo Roger Michener, Edward Shils; traducción María Cillo. aBuenos Aires :bEdiciones Devenir,c1995. a490 p. ;c20 cm. aIncluye referencias bibligráficas del autor en la contracubierta aTitulo original en inglésbThe mass media in liberal democratic societies1 aShils, edwadepról.1 aRothman, Stanley1 aMicherner, Rogerepról.1 aCillo, Maríaetr.